Handbook of numerical calculations in engineering: definitions, theorems, computer models, numerical examples, tables of functions
Enregistré dans:
| Auteur principal: | |
|---|---|
| Format: | Livre |
| Langue: | anglais |
| Publié: |
Nueva York
McGraw-Hill
1989
|
| Sujets: | |
| Tags: |
Ajouter un tag
Pas de tags, Soyez le premier à ajouter un tag!
|
MARC
| LEADER | 00000nam a2200000 a 4500 | ||
|---|---|---|---|
| 001 | UCW1991 | ||
| 003 | CL-VaPUC | ||
| 008 | 900308e19890000US |||||||||||||||||eng|d | ||
| 082 | 0 | 4 | |a 620.0042 |b TUM |2 21 |
| 100 | 0 | |a Tuma, Jan J |e author |9 305961 | |
| 245 | 1 | 0 | |a Handbook of numerical calculations in engineering: definitions, theorems, computer models, numerical examples, tables of functions |
| 300 | |a 406 p | ||
| 942 | |c BK | ||
| 945 | |d 19900308 00:00:00 | ||
| 260 | |a Nueva York |b McGraw-Hill |c 1989 | ||
| 650 | 0 | |a Matemáticas para ingenieros |9 259317 | |
| 650 | 0 | |a Análisis numérico |9 259387 | |
| 583 | |a last modification |c 19900308 00:00:00 |k Rodrigo Vera | ||
| 999 | |c 216672 |d 216670 | ||
| 952 | |0 0 |1 0 |4 0 |6 620_004200000000000_TUM_1989 |7 0 |8 P |9 202611 |a BIBMEC |b BIBMEC |d 2019-11-14 |i 2699354 |o 620.0042 TUM 1989 |p 2699354 |r 2019-11-14 |w 2019-11-14 |y BK |k MEC | ||